Destinations des tours du monde - Statistiques

Statistiques générales
  • Ce quiz a été pris 682 fois
    681 depuis la dernière actualisation
  • Le résultat moyen est 13 sur 18
Statistiques - réponses
Continent visité % de visites Pays % Correct
Océanie 68% Australie
98%
Amérique du sud 42% Brésil
97%
Asie 43% Chine
95%
Amérique du sud 66% Argentine
94%
Asie 39% Inde
88%
Amérique du nord 39% Etats-Unis
84%
Amérique du sud 67% Pérou
84%
Amérique du sud 68% Chili
83%
Océanie 55% Nouvelle-Zélande
82%
Asie 64% Thaïlande
76%
Asie 49% Indonésie
74%
Asie 49% Vietnam
67%
Amérique du sud 63% Bolivie
64%
Asie 57% Cambodge
55%
Asie 46% Laos
54%
Asie 36% Malaisie
52%
Asie 29% Singapour
45%
Asie 29% Népal
41%
Aucun quiz correspondant
Distribution des résultats
% des personnes avec chaque résultat
Percentile par nombre de réponses
Votre historique - résultats
Vous n’avez pas pris ce quiz depuis la dernière actualisation